| 000 | 00449nam a22001577a 4500 | ||
|---|---|---|---|
| 003 | OSt | ||
| 005 | 20221014175329.0 | ||
| 008 | 221014b |||||||| |||| 00| 0 eng d | ||
| 040 | _cBiblioteca Lado V | ||
| 082 |
_a750 _bO'999e |
||
| 100 |
_9189 _aO'Reilly, Paul M. _eeditor |
||
| 245 | _aEV+A Compendium/ | ||
| 260 |
_aDublin _bContemporary Art and Culture _c1999 |
||
| 300 |
_a216p. _c23x23cm |
||
| 942 |
_2ddc _c1 _h750 _i0'999e _n0 |
||
| 999 |
_c2327 _d2327 |
||